000 00792nam a22002657a 4500
003 CHAP
005 20220329134811.0
008 971013s1936 r 00010 eng d
010 _a26155
011 _a27127
035 _a31228
040 _cCHAP
090 _aR-2444
100 0 0 _aBurnell, A. B.
_916229
245 1 _aBoron treatment for a physiogenic apple disease
500 _aSobretiro de : Amer. Soc. Hort. Sci. Proc. 34 : 199-205, 1936
590 _aBATCH-UPD
_b10
_c20130110
_lUCH01
_h0109
590 _aBATCH-UPD
_b10
_c20130110
_lUCH01
_h1648
590 _aCONVERSION
_b10
_c20130109
_lUCH01
_h1315
650 1 4 _aBoro
_xEfecto en manzana.
_913919
650 1 4 _aManzana
_xEnfermedades.
_970763
901 _aBK
942 _cREIMP
949 _aR-2444
_bBC
_cR
_d-72214
_eTS1
_i31228
_si
999 _c26155
_d26155